| Tag |
First Indicator |
Second Indicator |
Subfields |
| LEADER |
00000cam a2200000 a 4500 |
| 001 |
in00001406645 |
| 005 |
20151020072829.0 |
| 008 |
970718s1997 ne b 000 0 eng |
| 010 |
|
|
|a 97028862
|
| 015 |
|
|
|a GB97-70305
|
| 019 |
|
|
|a 38424447
|
| 020 |
|
|
|a 9041103813 (hardbound : acid-free paper)
|
| 035 |
|
|
|a (OCoLC)37373604
|
| 035 |
|
|
|9 AHQ3595AM
|
| 040 |
|
|
|a DLC
|c DLC
|d UKM
|d TXA
|d UtOrBLW
|
| 043 |
|
|
|a e------
|
| 049 |
|
|
|a TXAM
|
| 050 |
0 |
0 |
|a KJE3655
|b .E93 1997
|
| 082 |
0 |
0 |
|a 341.7/8/094
|2 21
|
| 245 |
0 |
0 |
|a European ambitions of the national judiciary /
|c edited by Rosa H.M. Jansen, Dagmar A.C. Koster, and Reinier F.B. van Zutphen.
|
| 264 |
|
1 |
|a The Hague ;
|a Boston :
|b Kluwer Law International :
|b Kluwer Deventer,
|c [1997]
|
| 264 |
|
4 |
|c ©1997
|
| 300 |
|
|
|a xvi, 189 pages ;
|c 25 cm.
|
| 336 |
|
|
|a text
|b txt
|2 rdacontent
|
| 337 |
|
|
|a unmediated
|b n
|2 rdamedia
|
| 338 |
|
|
|a volume
|b nc
|2 rdacarrier
|
| 500 |
|
|
|a "Prepared under the auspices of the Dutch Training and Study Centre for the Judiciary, Stichting Studiecentrum Rechtspleging (SSR)."
|
| 650 |
|
0 |
|a Courts
|z European Union countries.
|
| 650 |
|
0 |
|a Justice, Administration of
|z European Union countries.
|
| 650 |
|
0 |
|a International and municipal law
|z European Union countries.
|
| 700 |
1 |
|
|a Jansen, Rosa H. M.
|
| 700 |
1 |
|
|a Koster, Dagmar A. C.
|
| 700 |
1 |
|
|a Van Zutphen, Reinier F. B.
|
| 710 |
2 |
|
|a Stichting Studiecentrum Rechtspleging.
|
| 948 |
|
|
|a c:en
|
| 999 |
|
|
|a MARS
|
| 999 |
f |
f |
|s 6492c767-aa1f-30c5-a53f-9b6082c44468
|i b94a0852-6d44-3222-8a13-6c954553833d
|t 0
|
| 952 |
f |
f |
|p ric
|a Texas A&M University
|b Rellis Campus
|c Joint Library Facility
|d Remote Storage
|t 0
|e KJE3655 .E93 1997
|h Library of Congress classification
|i unmediated -- volume
|m A14823317449
|
| 998 |
f |
f |
|a KJE3655 .E93 1997
|t 0
|l Remote Storage
|